000 00584nam a2200253Ia 4500
003 OSt
005 20220912152312.0
006 a|||||r|||| 00| 0
007 ta
008 220909b |||||||| |||| 00| 0 eng d
024 _a52557
037 _cTextual
040 _aCSL
_beng
_cCSL
041 _aeng
082 _aJ1, L9
100 _aReiley C E
245 0 _aIntroductiory herticulture
260 _c1979
300 _ap.
_ccm.
650 _aAgriculture
700 _a Shry C L
942 _hJ1, L9
_cTEXL
_2CC
999 _c84132
_d84132